|
|
|
|
| LEADER |
00000nab a2200000 a 4500 |
| 001 |
vtls001513620 |
| 003 |
SK-MaSNL |
| 005 |
20260505140527.0 |
| 008 |
150420s2003 xo 000 0 slo |
| 035 |
|
|
|a SPKCL15947
|
| 040 |
|
|
|a SPKCL
|b slo
|c SNKBUCL
|d SPK(DB)
|e AACR2
|
| 041 |
|
|
|a slo
|
| 044 |
|
|
|a xo
|c SK
|
| 080 |
|
|
|a 025.1
|2 1981
|
| 100 |
1 |
|
|a Kopáčiková, Judita,
|d 1950-
|4 aut
|9 1638239
|
| 245 |
1 |
0 |
|a Je stratégia pre knižnice potrebná?
|c Judita Kopáčiková
|
| 650 |
0 |
7 |
|a riadenie
|2 SNKPH
|9 924
|
| 650 |
0 |
7 |
|a knižnica
|2 snkbucl
|9 988706
|
| 650 |
0 |
7 |
|a knihovníctvo
|2 snkbucl
|9 1557
|
| 773 |
1 |
|
|t ITlib
|g Roč. 7, č. 4 (2003) s. 4-6
|
| 850 |
|
|
|a Slovenská pedagogická knižnica Bratislava
|
| 852 |
|
|
|a SPKCL
|b KIS3GCP
|b 000710000
|n SK
|
| 999 |
|
|
|c 1918591
|d 1920521
|